99 khoảnh khắc đời người

Zapisane w:
Opis bibliograficzny
1. autor: Trương, Tự Văn
Format: Książka
Język:Undetermined
Wydane: Hà Nội Nxb. Hà Nội 2007
Hasła przedmiotowe:
Etykiety: Dodaj etykietę
Nie ma etykietki, Dołącz pierwszą etykiete!
Thư viện lưu trữ: Trung tâm Học liệu Trường Đại học Cần Thơ
LEADER 00593nam a2200193Ia 4500
001 CTU_128411
008 210402s9999 xx 000 0 und d
020 |c 77000 
082 |a 158.1 
082 |b V115 
100 |a Trương, Tự Văn 
245 0 |a 99 khoảnh khắc đời người 
245 0 |c Trương Tự Văn và Nguyễn An 
260 |a Hà Nội 
260 |b Nxb. Hà Nội 
260 |c 2007 
650 |a Conduct of life,Life skills,Social interaction,Self-perception. 
904 |i Minh 
980 |a Trung tâm Học liệu Trường Đại học Cần Thơ